000
00294nam a22001217a 4500
040
_c
HS
082
_a
577
100
_a
CHRISTOPHER F.
245
_a
Pond fertilization ecological approach and practical appication
260
_a
Philippines
_b
CHRISTOPHER F.
_c
1998
300
_a
124p;
942
_c
EK
999
_c
9992
_d
9992